Southville International School and Colleges
Your cart is empty.
  • Cart
  • Lists
    Public lists Eva Luna New books Lux_list list_1
    Your lists Log in to create your own lists
  • Log in to your account
  • Your cookies
  • Search history
Southville International School and Colleges
  • Advanced search
  • Recent comments
  • Most popular
  • Libraries

Log in to your account

Log in with GOOGLE


If you do not have an external account, but do have a local account, you can still log in:

  1. Home
  2. MARC view: The little prince/.
Normal view MARC view ISBD view

The little prince/. (Record no. 20912)

[ view plain ]
MARC details
000 -LEADER
fixed length control field 00539nam a2200193 a 4500
005 - DATE AND TIME OF LATEST TRANSACTION
control field 20140310183259.0
008 - FIXED-LENGTH DATA ELEMENTS--GENERAL INFORMATION
fixed length control field 041123s19uu xx 00 eng d
020 ## - INTERNATIONAL STANDARD BOOK NUMBER
International Standard Book Number 0749707232
050 ## - LIBRARY OF CONGRESS CALL NUMBER
Classification number PQ 2637.A274
Item number .D278 2001
100 ## - MAIN ENTRY--PERSONAL NAME
Personal name De Saint-Exupery, Antoine
245 ## - TITLE STATEMENT
Title The little prince/.
Statement of responsibility, etc Antoine De Saint-Exupery
260 ## - PUBLICATION, DISTRIBUTION, ETC. (IMPRINT)
Place of publication, distribution, etc Great Britain ;
Name of publisher, distributor, etc Mammoth,
Date of publication, distribution, etc 2001.
300 ## - PHYSICAL DESCRIPTION
Extent 97 p. :
Dimensions 18 cm.
650 ## - SUBJECT ADDED ENTRY--TOPICAL TERM
Topical term or geographic name as entry element Juvenile literature.
650 ## - SUBJECT ADDED ENTRY--TOPICAL TERM
Topical term or geographic name as entry element Pilot
General subdivision Fiction.
650 ## - SUBJECT ADDED ENTRY--TOPICAL TERM
Topical term or geographic name as entry element Prince
General subdivision Fiction.
942 ## - ADDED ENTRY ELEMENTS (KOHA)
Koha item type Books
Source of classification or shelving scheme Library of Congress Classification
Holdings
Withdrawn status Lost status Source of classification or shelving scheme Damaged status Home library Current library Shelving location Date acquired Source of acquisition Total Checkouts Total Renewals Full call number Barcode Date last seen Date checked out Copy number Price effective from Koha item type
    Library of Congress Classification   College Library College Library Fiction Section 11/23/2004 Donation 3 10 PQ 2637.A274 .D278 2001 C5664 05/15/2018 03/21/2018 1 10/10/2013 Books

The little prince/.

APA

De Saint-Exupery A., . (2001). The little prince. Great Britain: Mammoth.

Chicago

De Saint-Exupery Antoine, . 2001. The little prince. Great Britain: Mammoth.

Harvard

De Saint-Exupery A., . (2001). The little prince. Great Britain: Mammoth.

MLA

De Saint-Exupery Antoine, . The little prince. Great Britain: Mammoth. 2001.

  • Place hold
  • Print
  • Cite
  • Add to your cart (remove)
  • Save record
    BIBTEX Dublin Core MARCXML MARC (non-Unicode/MARC-8) MARC (Unicode/UTF-8) MARC (Unicode/UTF-8, Standard) MODS (XML) RIS
  • More searches
    Search for this title in:
    Other Libraries (WorldCat) Other Databases (Google Scholar) Online Stores (Bookfinder.com) Open Library (openlibrary.org)

Exporting to Dublin Core...

SOUTHVILLE LIBRARY

Southville International School and Colleges Library

1281 Tropical Ave. Cor. Luxembourg St., BF Homes International, Las Pinas City

Tel. No. 8256374 / 252358 Loc. 117/146

Powered by Koha